000 00437nam a2200193Ia 4500
005 20240823034614.0
008 240823s9999||||xx |||||||||||||| ||und||
020 _a978-81-264-2266-1
041 _aMALAYALAM
082 _A894.8123 P9
100 _aSamuel Butler
245 0 _aSarvam Naswaram
250 _a1st
260 _c2009
_b"D C Books,Kot"
500 _aYES
650 _aNovel
_bEnglish
942 _cBK
999 _c198673
_d198673